00857nam a22002297a 450000500170000001000150001702000230003202000260005503500130008103700180009408200160011210000190012824500990014726000450024627000660029130000340035750000670039165000550045865000390051365000450055265000300059720151106162813.0 aENG-113977 c595.00a0198066457 c595.00a9780198066453 aEN-97509 bDBAD/PUBadpl a 343.540994 aPrasad, R.U.S. aResolving disputes in telecommunications:cby R.U.S. Prasadbglobal practices and challenges / aNew DelhibOxford University Pressc2011 aYMCA Library Building, 1, Jai Singh Road, bNew Delhie110001 axviii,197p. :c23cm(Hb)bill. a Includes bibliographical references (p. [188]-193) and index. a Telecommunication xLaw and legislation z India. a Dispute resolution (Law) zIndia. a TelecommunicationxLaw and legislation. a Dispute resolution (Law)